000 00393nam a2200145 i 4500
001 bg
100 1 _aIVANICKIJ, G. R.
245 0 _aIssledovanie mikrostruktury obiektov metodami kogerentnoj optiki /
_cG.R. Ivanickij, A.S. Kuniskij.
260 _aMoskva,
_c1974.
700 1 _aKUNISKIJ, A. S.
040 _cBPK
041 _apol
942 _cKS
008 s pl f |000 0 pol
999 _c26726
_d26726
856 _uhttp://koha.tu.koszalin.pl/cgi-bin/koha/opac-detail.pl?biblionumber=26726
_yKatalog online BPK